000 00561nam a2200193Ia 4500
003 LDD
008 181029s9999 xx 000 0 und d
020 _a8181285603
_c995.00
040 _cLDD
100 _aChen, Shu-Heng
245 0 _aComputational intelligences in economics & finance
_cShu-Heng Chen
260 _aNew York
_bSpringer
_c2006
300 _axvii, 468p
365 _b995.00
901 _a5466
_b14-12-2009
902 _aINV-16782
_b24-12-2009
_cF
_dASIAN
_e4
903 _aDiscount-15
_bReqst by : Manohar Lal
942 _2ddc
_cBK
999 _c88570
_d88570